Econometría Damodar N. Gujarati, Dawn C. Porter ; revisión técnica Aurora Monroy Alarcón y José Héctor Cortés Fregoso ; traductora María del Pilar Carril Villareal (Registro nro. 32770)

Detalles MARC
000 -CABECERA
Longitud fija campo de control 01054nam a2200289 a 4500
003 - • IDENTIFICADOR DELl NÚMERO DE CONTROL
Identificador del número de control CO-ViMGA
008 - • CÓDIGOS DE INFORMACIÓN DE LONGITUD FIJA
Códigos de información de longitud fija 141112s2004 ck r 000 u spa d
020 ## - • NÚMERO INTERNACIONAL NORMALIZADO PARA LIBROS
Número Internacional Normalizado para Libros (ISBN) 9786071502940
040 ## - FUENTE DE LA CATALOGACIÓN
Centro catalogador de origen CO-ViMGA
Lengua de catalogación spa
Centro transcriptor CO-ViMGA
041 ## - • CÓDIGO DE LENGUA
Código de lengua del texto/banda sonora o título independiente spa
082 04 - • NÚMERO DE LA CLASIFICACIÓN DECIMAL DEWEY
Número de clasificación (R) 330 G841e 5a
100 1# - • PUNTO DE ACCESO PRINCIPAL-NOMBRE DE PERSONA
Nombre de persona Gujarati, Damodar N.
245 10 - • TITULO PROPIAMENTE DICHO
Título Econometría Damodar N. Gujarati, Dawn C. Porter ; revisión técnica Aurora Monroy Alarcón y José Héctor Cortés Fregoso ; traductora María del Pilar Carril Villareal
250 ## - • MENCIÓN DE EDICIÓN
Mención de edición 5a ed.
300 ## - • DESCRIPCIÓN FÍSICA
Extensión xxii, 921 p. ilustraciones, diagramas y gráficas 27 cm.
504 ## - • NOTA DE BIBLIOGRAFÍA, ETC
Nota de bibliografía, etc. Incluye referencias bibliográficas (p. [902] - 903) e índices.
541 ## - NOTA DE FUENTE DE ADQUISICIÓN DIRECTA
-- 0.400; 1 c.
596 ## -
-- 2
650 14 - • PUNTO DE ACCESO ADICIONAL DE MATERIA - TÉRMINO DE MATERIA
Término de materia o nombre geográfico como elemento inicial Econometría
700 1# - • PUNTO DE ACCESO ADICIONAL - NOMBRE DE PERSONA
Nombre de persona Porter, Dawn C.
926 ## -
-- B - GENERAL PRESTADO 330.18 G84E 2010 LIBRO 8/15/2013 1
942 ## - ENTRADA DE ELEMENTOS AGREGADOS (KOHA)
Fuente de clasificaión o esquema Dewey Decimal Classification
Koha [por defecto] tipo de item LIbro
Existencias
Perdido Fuente de clasificación o esquema Estado Físico No para préstamo Forma de adquisición Localización permanente Localización actual Fecha adquisición Serie de enumeración / cronolog&íacute;a Préstamos totales Signatura completa Código de barras Fecha última consulta Número de copia Fecha del precio de reemplazo Tipo de item de Koha Fecha último préstamo
  Dewey Decimal Classification     Sala Especializada Tercer Piso Biblioteca Pública Germán Arciniegas - Villavicencio Biblioteca Pública Germán Arciniegas - Villavicencio 12/04/2015 13/ago/2013   330 G841e 5a 24502 12/04/2015 Ej. 1 12/04/2015 LIbro  
  Dewey Decimal Classification     Sala Especializada Tercer Piso Biblioteca Pública Germán Arciniegas - Villavicencio Biblioteca Pública Germán Arciniegas - Villavicencio 12/04/2015 13/ago/2013 1 330 G841e 5a 26080 05/06/2017 Ej. 2 12/04/2015 LIbro 04/28/2017









Instituto Departamental de Cultura del Meta - Red Departamental de Bibliotecas Públicas del Meta.